000
00405nam a2200145Ia 4500
008
230917s9999||||xx |||||||||||||| ||und||
040
_e
177862
_a
MAIN
041
_a
English
082
_a
891.431721 SR92S
100
_a
सतीश कुमार
245
0
_a
रामचंद्र शुक्ल और उनकी कविता
260
_c
2005
300
_a
240 पृ. p.
942
_c
TH
999
_c
124571
_d
124571